Complete the Card - WWE Backlash 2002 - Statistics

General Stats
  • This quiz has been taken 400 times
  • The average score is 15 of 20
Answer Stats
Answer % Correct
Triple H
99%
The Undertaker
95%
Trish Stratus
93%
Eddie Guerrero
91%
Edge
91%
Kurt Angle
90%
Stone Cold Steve Austin
90%
Jeff Hardy
89%
Rob Van Dam
82%
Hollywood Hulk Hogan
81%
Brock Lesnar
79%
Jazz
75%
Billy
72%
Chuck
69%
Billy Kidman
67%
Tajiri
67%
Scott Hall
60%
Bradshaw
57%
Maven
45%
Al Snow
44%
No matching quizzes found
Score Distribution
Percent of People with Each Score
Percentile by Number Answered
Your Score History
You have not taken this quiz